Welcome to CU Library Online Public Access Catalogue (OPAC)

Organizational theory : (Record no. 1777)

MARC details
000 -LEADER
fixed length control field 00652pam a2200217 a 4500
001 - CONTROL NUMBER
control field 1652985
005 - DATE AND TIME OF LATEST TRANSACTION
control field 20241129164156.0
008 - FIXED-LENGTH DATA ELEMENTS--GENERAL INFORMATION
fixed length control field 970514s1998 maua b 001 0 eng
020 ## - INTERNATIONAL STANDARD BOOK NUMBER
International Standard Book Number 0201848759
020 ## - INTERNATIONAL STANDARD BOOK NUMBER
International Standard Book Number 9780201848755
050 00 - LIBRARY OF CONGRESS CALL NUMBER
Classification number HD58.7
Item number .J62 1998
082 00 - DEWEY DECIMAL CLASSIFICATION NUMBER
Classification number 302.3/5
Edition information 21
100 1# - MAIN ENTRY--PERSONAL NAME
Personal name Jones, Gareth R.
245 10 - TITLE STATEMENT
Title Organizational theory :
Remainder of title text and cases /
Statement of responsibility, etc. Gareth R. Jones.
250 ## - EDITION STATEMENT
Edition statement 2nd ed.
260 ## - PUBLICATION, DISTRIBUTION, ETC.
Place of publication, distribution, etc. Reading, Mass. :
Name of publisher, distributor, etc. Addison-Wesley Pub. Co.,
Date of publication, distribution, etc. c1998.
300 ## - PHYSICAL DESCRIPTION
Extent xx, 746 p. :
Other physical details ill. ;
Dimensions 24 cm.
650 #0 - SUBJECT ADDED ENTRY--TOPICAL TERM
Topical term or geographic name entry element Organizational behavior.
650 #0 - SUBJECT ADDED ENTRY--TOPICAL TERM
Topical term or geographic name entry element Organizational behavior
General subdivision Case studies.
942 ## - ADDED ENTRY ELEMENTS (KOHA)
Source of classification or shelving scheme Library of Congress Classification
Koha item type Books
Edition 2nd Ed.
Suppress in OPAC No
999 ## -
-- 1777
-- 1777
Holdings
Withdrawn status Lost status Source of classification or shelving scheme Damaged status Not for loan Collection Home library Current library Shelving location Date acquired Total checkouts Full call number Barcode Date last seen Copy number Price effective from Koha item type
    Library of Congress Classification     Non-fiction Business Library (Miotso) Business Library (Miotso) General stacks 11/29/2024   HD58.7 .J62 1998 BSSM00000300 11/29/2024 1 11/29/2024 Books
© 2023-2024 Copyright: Central University Libraries. All Rights Reserved | Created by: Mahone Tech Office